ბათუმის შოთა რუსთაველის სახელმწიფო უნივერსიტეტის ბიბლიოთეკა

Примеры и задачи по курсов процессов и аппаратов химической технологии (ბიბ.ჩანაწერი № 45784)

000 -LEADER
fixed length control field 00824nam a2200229Ia 4500
001 - CONTROL NUMBER
control field 12612
003 - CONTROL NUMBER IDENTIFIER
control field GE_BSU
008 - FIXED-LENGTH DATA ELEMENTS--GENERAL INFORMATION
fixed length control field 181216s||||||||xx |||||||||||||| ||und||
040 ## - CATALOGING SOURCE
Transcribing agency GE_BSU
080 ## - UNIVERSAL DECIMAL CLASSIFICATION NUMBER
Universal Decimal Classification number 66.02(076.8)
100 ## - MAIN ENTRY--PERSONAL NAME
Personal name Павлов,К.Ф.
245 ## - TITLE STATEMENT
Title Примеры и задачи по курсов процессов и аппаратов химической технологии
245 ## - TITLE STATEMENT
Statement of responsibility, etc. Ред.Ю.К.Кузнецов
260 ## - PUBLICATION, DISTRIBUTION, ETC.
Place of publication, distribution, etc. Ленинград
260 ## - PUBLICATION, DISTRIBUTION, ETC.
Name of publisher, distributor, etc. Химия
260 ## - PUBLICATION, DISTRIBUTION, ETC.
Date of publication, distribution, etc. 1987
300 ## - PHYSICAL DESCRIPTION
Extent 575стр.22см.
300 ## - PHYSICAL DESCRIPTION
Dimensions Библиогр. список с.402.Приложение с.510
300 ## - PHYSICAL DESCRIPTION
Accompanying material Таблицы
653 ## - INDEX TERM--UNCONTROLLED
Uncontrolled term Примеры и задачи по курсов процессов и аппаратов химической технологии
942 ## - ADDED ENTRY ELEMENTS (KOHA)
Koha item type წიგნი
ეგზემპლარები
Withdrawn status Lost status Damaged status Not for loan Date acquired Barcode Date last seen Price effective from Koha item type
        2018-12-17 20570 2018-12-17 2018-12-17 წიგნი